Sóc Sơn chuyển dịch cơ cấu kinh tế theo hướng công nghiệp hoá, hiện đại hoá /

Đã lưu trong:
Sonraí Bibleagrafaíochta
Príomhúdar: Trần Đức Hoàn.
Formáid: Bài viết
Teanga:Vietnamese
Ábhair:
Clibeanna: Cuir Clib Leis
Gan Chlibeanna, Bí ar an gcéad duine leis an taifead seo a chlibeáil!
Thư viện lưu trữ: Thư viện Trường Đại học Đà Lạt
LEADER 00845nam a2200277 4500
001 DLU090077533
005 ##20090220
040 # # |a DLU  |b vie 
041 # # |a vie 
044 # # |a vn 
100 # # |a Trần Đức Hoàn. 
245 # # |a Sóc Sơn chuyển dịch cơ cấu kinh tế theo hướng công nghiệp hoá, hiện đại hoá /  |c Trần Đức Hoàn. 
653 # # |a  Hiện đại hoá 
653 # # |a Công nghiệp hoá 
653 # # |a Cơ cấu kinh tế 
653 # # |a Sóc Sơn, Hà nội 
773 # # |t Lịch sử Đảng  |g Số 2(75), 1997, tr. 61-63 
920 # # |a Phòng Tạp chí -- Trung tâm Thông tin - Thư viện Trường Đại học Đà Lạt 
994 # # |a DLU 
900 # # |a True 
911 # # |a Nguyễn Thị Tưởng 
925 # # |a G 
926 # # |a A 
927 # # |a BB 
980 # # |a Thư viện Trường Đại học Đà Lạt